| 000 | 00886nam a22002297b 4500 | ||
|---|---|---|---|
| 003 | 3228 | ||
| 005 | 20260505112841.0 | ||
| 008 | 260505b sa ||||| |||| 00| 0 eng d | ||
| 020 | _a9781770084490 (hardback) | ||
| 040 |
_aMPL _bEng _c3228 _erda |
||
| 041 | _aEnglish | ||
| 082 | _aJ 629.133 VAND | ||
| 100 |
_aVan der wiel Renee _eAuthor |
||
| 245 |
_aPlanes and things that fly: _bup, up and away / _cVan der Wiel, Renee |
||
| 260 |
_aGallo Manor, South Africa : _bAwareness Publishing (SA)(Pty) Ltd, _c2017 |
||
| 300 |
_a90 pages.: _bcolor illustrations; _c28 cm |
||
| 490 |
_aWorld of knowledge : resource material for school projects series _vVolume 13 |
||
| 500 | _a Target Audience: J E General: Includes a glossary General: GPCAT20190619 | ||
| 650 | 0 |
_9199402 _aAirplanes _vJuvenile literature |
|
| 700 | 1 |
_9199048 _a Van der Wiel, Renee _eAuthor |
|
| 942 |
_2ddc _cBOOK _y5815 _zPontsho Maoko |
||
| 999 |
_c756239 _d756238 |
||